01430nam a22003257a 4500003000400000005001700004008004100021040002200062082001800084100003000102245003000132260006000162300002100222366000800243490002900251505006400280505017800344505001200522650006000534650005200594650005300646650004300699650004500742650005600787650004700843700003600890942002900926999001500955952013400970OSt20230621090521.0221006b |||||||| |||| 00| 0 eng d cBiblioteca Lado V a709.05bG851a 9855aGriffin, Timeeditor aArtforum/bInternacional/ aNew Yorkc1994bNew York editorial and business offices c26.5x27cma112p. espa aFebrerov1994x0864-1315 tCOLUMNSaTelevision Film Music Real Life Rock Nightlife tFEATURESgGeneration E: British Rave Critical Reflections Body Bildung Untitled West of Righteous Into the Gap: Art Club 2000 Revenge of the Mouse Diva: Karen Kilimnik tREVIEWS 2Tesauro de Arte & ArquitecturaaARTE COMTEMPORANEO9703 2Tesauro de Arte & ArquitecturaaFOTOGRAFIA9702 2Tesauro de Arte & ArquitecturaaARTE VISUAL9702 2Tesauro de Arte & ArquitecturaaLIBROS 2Tesauro de Arte & ArquitecturaaNOTICIAS 2 Tesauro de Arte & ArquitecturaaARTE INTERNACIONAL 2 Tesauro de Arte & ArquitecturaaESCULTURA aNavarreta, Jose Antonioeeditor 2ddcc1h709.05iG851an0 c3884d3884 00102ddc3199440708RevistasaLVbLVd2023-06-21hFebreroi002499l0o709.05 G851ap002499r2023-06-21 00:00:00w2023-06-21y1